Тиристорные преобразователи частоты с искусственной коммутацией

গ্রন্থ-পঞ্জীর বিবরন
প্রধান লেখক: Карташов Р. П. Роберт Петрович
অন্যান্য লেখক: Кулиш А. К. Анатолий Кузьмич, Чехет Э. М. Эдуард Михайлович
ভাষা:রুশ
প্রকাশিত: Киев, Техника, 1979
বিষয়গুলি:
বিন্যাস: গ্রন্থ
KOHA link:https://koha.lib.tpu.ru/cgi-bin/koha/opac-detail.pl?biblionumber=37708

MARC

LEADER 00000nam0a2200000 4500
001 37708
005 20231031004413.0
035 |a (RuTPU)RU\TPU\book\38298 
090 |a 37708 
100 |a 20020129d1979 k y0rusy50 ca 
101 0 |a rus 
102 |a UA 
105 |a a z 001zy 
200 1 |a Тиристорные преобразователи частоты с искусственной коммутацией  |f Р. П. Карташов, А. К. Кулиш, Э. М. Чехет 
210 |a Киев  |c Техника  |d 1979 
215 |a 151 с.  |c ил. 
320 |a Библиогр.: с. 147-150. 
610 1 |a преобразовательная техника 
610 1 |a преобразователи частоты 
610 1 |a коммутация 
610 1 |a тиристорные преобразователи 
675 |a 621.314.5  |v 3 
700 1 |a Карташов  |b Р. П.  |g Роберт Петрович 
701 1 |a Кулиш  |b А. К.  |g Анатолий Кузьмич 
701 1 |a Чехет  |b Э. М.  |g Эдуард Михайлович 
801 1 |a RU  |b 63413507  |c 20020129  |g PSBO 
801 2 |a RU  |b 63413507  |c 20201016  |g PSBO 
942 |c BK